[Event "Hessen-ch Seniors op 12th"]
[Site "Bad Sooden-Allendorf"]
[Date "2016.05.08"]
[Round "9"]
[White "Wauer, Klaus"]
[Black "Koehler, Marianne"]
[Result "0-1"]
[WhiteElo "1747"]
[BlackElo "1648"]
[PlyCount "87"]
[EventDate "2016.04.30"]
[EventType "swiss"]
[EventRounds "9"]
[EventCountry "GER"]
[SourceTitle "EXT 2019"]
[Source "ChessBase"]
[SourceDate "2018.10.10"]
[SourceVersion "1"]
[SourceVersionDate "2018.10.10"]
[SourceQuality "1"]

1. e4 e6 2. d4 d5 3. e5 c5 4. c3 b6 5. Nf3 h6 6. Bd3 Bd7 7. 0-0 Be7 8. Re1 Nc6 9. a3 c4 10. Bc2 b5 11. Qe2 a6 12. b4 a5 13. Bb2 Bf8 14. Nbd2 Nge7 15. h3 g5 16. Nh2 Bc8 17. Ng4 Bg7 18. Qf3 0-0 19. Nf6+ Bxf6 20. Qxf6 Nf5 21. Bxf5 Qxf6 22. exf6 exf5 23. Nf3 Ra6 24. Ne5 Nd8 25. a4 bxa4 26. Rxa4 Rxf6 27. Rxa5 Re6 28. Kf1 h5 29. Rxd5 f6 30. Nxc4 Rxe1+ 31. Kxe1 Be6 32. Rc5 Bxc4 33. Rxc4 Re8+ 34. Kd2 Ne6 35. Rc6 Nf4 36. c4 Re2+ 37. Kc3 Rxf2 38. d5 Rxg2 39. Kb3 Rg3+ 40. Ka4 Rxh3 41. Bxf6 Kf8 42. Bd4 h4 43. Rf6+ Ke8 44. Bc5 0-1

[Event "Hessen-ch Seniors op 12th"]
[Site "Bad Sooden-Allendorf"]
[Date "2016.05.01"]
[Round "2"]
[White "Schrickx, Frank"]
[Black "Wauer, Klaus"]
[Result "1/2-1/2"]
[WhiteElo "1903"]
[BlackElo "1747"]
[PlyCount "58"]
[EventDate "2016.04.30"]
[EventType "swiss"]
[EventRounds "9"]
[EventCountry "GER"]
[SourceTitle "EXT 2019"]
[Source "ChessBase"]
[SourceDate "2018.10.10"]
[SourceVersion "1"]
[SourceVersionDate "2018.10.10"]
[SourceQuality "1"]

1. e4 c5 2. c3 Nf6 3. e5 Nd5 4. d4 e6 5. Nf3 Be7 6. Be2 a6 7. c4 Nb6 8. d5 d6 9. exd6 Qxd6 10. Nc3 Qc7 11. a4 Bd7 12. a5 Nc8 13. 0-0 0-0 14. Be3 Nd6 15. Qc2 Nf5 16. Rfd1 Nxe3 17. fxe3 f5 18. e4 e5 19. exf5 Bxf5 20. Bd3 g6 21. Ne4 Bg4 22. Be2 Bxf3 23. Bxf3 Bd6 24. Qf2 Nd7 25. Qh4 Rf4 26. Qh3 Re8 27. Rf1 Nf6 28. Ng5 Rxc4 29. Ne6 Qe7 1/2-1/2

[Event "Hessen-ch Seniors op 10th"]
[Site "Bad Sooden-Allendorf"]
[Date "2014.05.03"]
[Round "8"]
[White "Wauer, Klaus"]
[Black "Schuetze, Manfred"]
[Result "0-1"]
[WhiteElo "1784"]
[BlackElo "1834"]
[PlyCount "73"]
[EventDate "2014.04.26"]
[EventType "swiss"]
[EventRounds "9"]
[EventCountry "GER"]
[SourceTitle "EXT 2018"]
[Source "ChessBase"]
[SourceDate "2017.10.13"]
[SourceVersion "1"]
[SourceVersionDate "2017.10.13"]
[SourceQuality "1"]

1. e4 d5 2. e5 c5 3. c3 Nc6 4. d4 Bf5 5. Bd3 Bxd3 6. Qxd3 e6 7. Nf3 cxd4 8. cxd4 Nge7 9. 0-0 Qb6 10. Nc3 Nf5 11. Ne2 Be7 12. b3 Rc8 13. g4 Nb4 14. Qd1 Nh4 15. Nxh4 Bxh4 16. Ba3 Be7 17. Bb2 0-0 18. a3 Nc2 19. Rc1 Nxa3 20. Nc3 Nb5 21. Na4 Qd8 22. Rxc8 Qxc8 23. Qc1 Qd7 24. Nc5 Bxc5 25. dxc5 Rc8 26. b4 b6 27. Qe3 bxc5 28. bxc5 Qc6 29. Rc1 a5 30. Ba3 Nxa3 31. Qxa3 Qb5 32. c6 Qb4 33. Qxb4 axb4 34. c7 g5 35. Kf1 b3 36. Rb1 Rxc7 37. Rxb3 0-1

[Event "Hessen-ch Seniors op 10th"]
[Site "Bad Sooden-Allendorf"]
[Date "2014.04.27"]
[Round "2"]
[White "Wauer, Klaus"]
[Black "Gudat, Alfons"]
[Result "0-1"]
[WhiteElo "1784"]
[BlackElo "1962"]
[PlyCount "76"]
[EventDate "2014.04.26"]
[EventType "swiss"]
[EventRounds "9"]
[EventCountry "GER"]
[SourceTitle "EXT 2018"]
[Source "ChessBase"]
[SourceDate "2017.10.13"]
[SourceVersion "1"]
[SourceVersionDate "2017.10.13"]
[SourceQuality "1"]

1. e4 c5 2. Nf3 Nc6 3. d4 cxd4 4. Nxd4 e5 5. Nf3 Nf6 6. Nc3 Bb4 7. Qd3 0-0 8. Bd2 d6 9. a3 Ba5 10. b4 Bb6 11. h3 h6 12. Nd5 Nxd5 13. exd5 e4 14. Qc4 exf3 15. dxc6 Re8+ 16. Kd1 d5 17. Qc3 bxc6 18. Qxf3 Bd4 19. Bc3 Bxc3 20. Qxc3 Bf5 21. g4 d4 22. Qd2 Be4 23. Rg1 Bf3+ 24. Kc1 Qf6 25. Bd3 Re5 26. Re1 Rae8 27. Rxe5 Qxe5 28. Kb2 c5 29. Rg1 Bd5 30. f4 Qc7 31. Re1 Rb8 32. c4 dxc3+ 33. Qxc3 Qxf4 34. Qxc5 Qd2+ 35. Bc2 Qxe1 36. Qxd5 Qe6 37. Qxe6 fxe6 38. Bg6 Kf8 0-1

[Event "Hessen-ch Seniors op 09th"]
[Site "Bad Sooden-Allendorf"]
[Date "2013.04.21"]
[Round "2"]
[White "Wauer, Klaus"]
[Black "Wieprecht, Gerhard"]
[Result "1/2-1/2"]
[WhiteElo "1794"]
[BlackElo "1938"]
[PlyCount "78"]
[EventDate "2013.04.20"]
[EventType "swiss"]
[EventRounds "9"]
[EventCountry "GER"]
[SourceTitle "EXT 2019"]
[Source "ChessBase"]
[SourceDate "2018.10.10"]
[SourceVersion "1"]
[SourceVersionDate "2018.10.10"]
[SourceQuality "1"]

1. e4 c5 2. Nf3 Nc6 3. d4 cxd4 4. Nxd4 Nf6 5. Nc3 d6 6. h3 g6 7. Be3 Bg7 8. Qd2 0-0 9. Be2 a6 10. 0-0-0 Qc7 11. f4 Nxd4 12. Bxd4 Be6 13. e5 dxe5 14. Bxe5 Qa5 15. a3 Rfd8 16. Qe3 Rac8 17. Rxd8+ Rxd8 18. Rd1 Nd5 19. Nxd5 Rxd5 20. Bxg7 Kxg7 21. Bf3 Rxd1+ 22. Kxd1 Qd8+ 23. Qd3 Qxd3+ 24. cxd3 Bc8 25. Kd2 Kf6 26. Ke3 Ke6 27. Kd4 Kd6 28. g4 b6 29. Bg2 Bd7 30. b4 a5 31. bxa5 bxa5 32. Kc4 e5 33. fxe5+ Kxe5 34. Kc5 f5 35. d4+ Kf4 36. gxf5 Kxf5 37. Bc6 Ke6 38. Bxd7+ Kxd7 39. a4 g5 1/2-1/2

[Event "Hessen-ch Seniors op 08th"]
[Site "Bad Sooden-Allendorf"]
[Date "2012.04.21"]
[Round "8"]
[White "Wauer, Klaus"]
[Black "Knaak, Hans"]
[Result "0-1"]
[WhiteElo "1809"]
[BlackElo "1708"]
[PlyCount "49"]
[EventDate "2012.04.14"]
[EventType "swiss"]
[EventRounds "9"]
[EventCountry "GER"]
[SourceTitle "EXT 2019"]
[Source "ChessBase"]
[SourceDate "2018.10.10"]
[SourceVersion "1"]
[SourceVersionDate "2018.10.10"]
[SourceQuality "1"]

1. e4 c5 2. Nf3 d6 3. d4 cxd4 4. Nxd4 Nf6 5. Nc3 a6 6. Be2 e5 7. Nb3 Be7 8. Be3 0-0 9. Qd2 Nbd7 10. 0-0-0 b6 11. h4 Bb7 12. Bf3 Rc8 13. h5 Nc5 14. Nxc5 dxc5 15. Qe2 Qc7 16. Nd5 Bxd5 17. exd5 Rfd8 18. g4 Qd6 19. g5 Nd7 20. Be4 b5 21. g6 h6 22. gxf7+ Kh8 23. Bg6 Rf8 24. Bxh6 gxh6 25. Rhg1 0-1

[Event "Hessen-ch Seniors op 08th"]
[Site "Bad Sooden-Allendorf"]
[Date "2012.04.14"]
[Round "1"]
[White "Narr, Irmgard"]
[Black "Wauer, Klaus"]
[Result "1/2-1/2"]
[WhiteElo "1776"]
[BlackElo "1809"]
[PlyCount "113"]
[EventDate "2012.04.14"]
[EventType "swiss"]
[EventRounds "9"]
[EventCountry "GER"]
[SourceTitle "EXT 2019"]
[Source "ChessBase"]
[SourceDate "2018.10.10"]
[SourceVersion "1"]
[SourceVersionDate "2018.10.10"]
[SourceQuality "1"]

1. e4 c5 2. Nf3 d6 3. Nc3 a6 4. Bc4 e6 5. a3 Nc6 6. d3 Be7 7. Ne2 Nf6 8. Ng3 0-0 9. 0-0 Qc7 10. c3 b5 11. Ba2 Bb7 12. Be3 Ng4 13. Qc1 Nge5 14. Nxe5 Nxe5 15. Qd2 Qc6 16. Rad1 Rad8 17. Qe2 Ng6 18. Qg4 Bc8 19. Bc1 e5 20. Qe2 Be6 21. Bxe6 fxe6 22. Qg4 d5 23. Rfe1 d4 24. cxd4 exd4 25. Bg5 Rd7 26. Rc1 Bxg5 27. Qxg5 Rdf7 28. f3 Nf4 29. Red1 h6 30. Qxc5 Qxc5 31. Rxc5 Ra7 32. Rd2 Rb8 33. Ne2 Nxe2+ 34. Rxe2 Kf7 35. f4 g6 36. Kf2 a5 37. g4 a4 38. Kf3 b4 39. axb4 Rxb4 40. e5 Rab7 41. Rcc2 Rb3 42. Ke4 g5 43. fxg5 hxg5 44. h3 a3 45. bxa3 Rxa3 46. Rf2+ Ke7 47. Rc4 Ra1 48. Rxd4 Re1+ 49. Kf3 Rxe5 50. Rc4 Rd7 51. d4 Red5 52. Ke4 Rb5 53. Rf3 Rdb7 54. Rfc3 Rd5 55. Rc5 Rxc5 56. dxc5 Rb4+ 57. Kd3 1/2-1/2

[Event "Hessen-ch Seniors op 07th"]
[Site "Bad Sooden-Allendorf"]
[Date "2011.04.30"]
[Round "1"]
[White "Wauer, Klaus"]
[Black "Nietsch, Horst"]
[Result "0-1"]
[WhiteElo "1375"]
[BlackElo "1829"]
[PlyCount "97"]
[EventDate "2011.04.30"]
[EventType "swiss"]
[EventRounds "9"]
[EventCountry "GER"]
[SourceTitle "EXT 2012"]
[Source "ChessBase"]
[SourceDate "2011.11.24"]
[SourceVersion "1"]
[SourceVersionDate "2011.11.24"]
[SourceQuality "1"]

1. e4 g6 2. d4 Bg7 3. Nf3 d6 4. h3 Nf6 5. Nc3 0-0 6. Bc4 c6 7. 0-0 b5 8. Bd3 b4 9. Ne2 Nbd7 10. c3 a5 11. Ng3 e5 12. dxe5 dxe5 13. Be3 bxc3 14. bxc3 Re8 15. Rb1 Qc7 16. Re1 Bf8 17. Qc2 Nc5 18. Bc4 Be6 19. Bxe6 Rxe6 20. Red1 Ree8 21. Rd2 h6 22. Rbd1 Qc8 23. Ne1 Qe6 24. c4 Rab8 25. Bxc5 Bxc5 26. Nd3 Bd4 27. Rb1 Rxb1+ 28. Qxb1 Qxc4 29. Qb3 Qxb3 30. axb3 Rb8 31. Nc1 h5 32. Re2 Rb4 33. Kf1 h4 34. Nh1 a4 35. bxa4 Rxa4 36. f3 Ra1 37. Rc2 Be3 38. Rxc6 Rxc1+ 39. Rxc1 Bxc1 40. Nf2 Bf4 41. Nh1 Bg3 42. Ke2 Nh5 43. Kf1 Kf8 44. Ke2 Nf4+ 45. Kf1 Ke7 46. Kg1 Kd6 47. Kf1 Kc5 48. Nxg3 hxg3 49. h4 0-1

[Event "Hessen-ch Seniors op 03rd"]
[Site "Bad Sooden-Allendorf"]
[Date "2007.04.29"]
[Round "2"]
[White "Rychlik, Kurt"]
[Black "Wauer, Klaus"]
[Result "1-0"]
[WhiteElo "1923"]
[BlackElo "1382"]
[PlyCount "118"]
[EventDate "2007.04.27"]
[EventType "swiss"]
[EventRounds "9"]
[EventCountry "GER"]
[SourceTitle "EXT 2022"]
[Source "ChessBase"]
[SourceDate "2021.10.06"]
[SourceVersion "1"]
[SourceVersionDate "2021.10.06"]
[SourceQuality "1"]

1. e4 c5 2. Nf3 e6 3. d4 cxd4 4. Nxd4 a6 5. Be2 Nc6 6. 0-0 Be7 7. Be3 Nf6 8. Nc3 d6 9. f4 Qc7 10. Bf3 0-0 11. Qe1 Rd8 12. Rd1 Bd7 13. Qf2 Rdb8 14. Nce2 Rc8 15. c3 Qa5 16. Nc1 Qc7 17. Nd3 e5 18. Nxc6 Bxc6 19. Bb6 Qb8 20. Rfe1 Bb5 21. f5 Nd7 22. Be3 f6 23. Kh1 Bc4 24. b3 Bf7 25. Rc1 a5 26. Nb2 b5 27. Nd3 Ra6 28. Rc2 Rac6 29. Rec1 Nc5 30. Nb2 Qc7 31. Qf1 Qb7 32. c4 b4 33. Rd2 Rd8 34. Rcd1 Qa8 35. g4 a4 36. Bxc5 dxc5 37. Nxa4 Rd4 38. Rxd4 cxd4 39. Rc1 Be8 40. c5 Qa6 41. Be2 Qa8 42. Bc4+ Bf7 43. Bxf7+ Kxf7 44. Qc4+ Kf8 45. Qxb4 Ra6 46. Qe1 Rc6 47. Qe2 Bd8 48. Kg2 Qa6 49. Qxa6 Rxa6 50. Kf3 Ba5 51. Ke2 Rc6 52. Kd3 Ke7 53. Kc4 Kd7 54. b4 Ra6 55. bxa5 Kc6 56. Kb4 Ra8 57. Nb6 Rb8 58. a6 Rxb6+ 59. cxb6+ Kxb6 1-0

[Event "Hessen-ch Seniors op 02nd"]
[Site "Bad Sooden-Allendorf"]
[Date "2006.05.03"]
[Round "9"]
[White "Wauer, Klaus"]
[Black "Kluever, Horst"]
[Result "0-1"]
[WhiteElo "1444"]
[BlackElo "1698"]
[PlyCount "112"]
[EventDate "2006.04.25"]
[EventType "swiss"]
[EventRounds "9"]
[EventCountry "GER"]
[SourceTitle "EXT 2007"]
[Source "ChessBase"]
[SourceDate "2006.11.23"]
[SourceVersion "1"]
[SourceVersionDate "2006.11.23"]
[SourceQuality "1"]

1. e4 e5 2. Nf3 d6 3. Bc4 Bg4 4. h3 Bxf3 5. Qxf3 Qf6 6. Qxf6 Nxf6 7. d3 h6 8. 0-0 Be7 9. f4 Nbd7 10. fxe5 dxe5 11. Be3 0-0 12. Rf5 g6 13. Rf3 Kg7 14. Nd2 c6 15. Raf1 b5 16. Bb3 a5 17. a4 Ra6 18. c4 bxa4 19. Bxa4 Nc5 20. Bc2 Ne6 21. b3 Nd7 22. Ra1 Bc5 23. Kh1 Bxe3 24. Rxe3 Nd4 25. Bd1 Rb8 26. Rb1 Nc5 27. Kh2 Rab6 28. Ra1 Ra6 29. Ra3 Rb4 30. Kg3 a4 31. bxa4 Nxa4 32. Nf3 Nxf3 33. Rxf3 Nc5 34. Rxa6 Nxa6 35. Rf2 Nc5 36. Rd2 Ne6 37. Kf3 c5 38. g3 Rb8 39. h4 Nd4+ 40. Ke3 f5 41. Rf2 Rb1 42. Rd2 Kf6 43. Kf2 f4 44. g4 g5 45. h5 Ke7 46. Kg2 Kd6 47. Ba4 Re1 48. Bd1 Re3 49. Kf2 Rh3 50. Kg2 Rg3+ 51. Kf2 Kc7 52. Be2 Rh3 53. Kg2 f3+ 54. Bxf3 Rxf3 55. Rf2 Rxf2+ 56. Kxf2 Kb6 0-1

[Event "Hessen-ch Seniors op 02nd"]
[Site "Bad Sooden-Allendorf"]
[Date "2006.04.29"]
[Round "5"]
[White "Wauer, Klaus"]
[Black "Harke, Horst"]
[Result "1-0"]
[WhiteElo "1444"]
[BlackElo "1633"]
[PlyCount "49"]
[EventDate "2006.04.25"]
[EventType "swiss"]
[EventRounds "9"]
[EventCountry "GER"]
[SourceTitle "EXT 2007"]
[Source "ChessBase"]
[SourceDate "2006.11.23"]
[SourceVersion "1"]
[SourceVersionDate "2006.11.23"]
[SourceQuality "1"]

1. e4 c6 2. d4 d5 3. e5 Bf5 4. Bd3 Bxd3 5. Qxd3 e6 6. Nf3 Be7 7. c3 Nd7 8. Be3 Nb6 9. Nbd2 Qc7 10. 0-0 Nd7 11. Rac1 Rc8 12. c4 Nf8 13. cxd5 exd5 14. Nb3 Ne6 15. Nfd2 a5 16. a4 Qb6 17. Rc2 Bb4 18. f4 Bxd2 19. Bxd2 Qd8 20. Nxa5 Qb6 21. Nb3 Ne7 22. f5 Nd8 23. Nc5 g6 24. f6 Nf5 25. g4 1-0

[Event "Hessen-ch Seniors op 02nd"]
[Site "Bad Sooden-Allendorf"]
[Date "2006.04.26"]
[Round "2"]
[White "Wauer, Klaus"]
[Black "Lange, Lutz"]
[Result "1/2-1/2"]
[WhiteElo "1444"]
[BlackElo "1728"]
[PlyCount "43"]
[EventDate "2006.04.25"]
[EventType "swiss"]
[EventRounds "9"]
[EventCountry "GER"]
[SourceTitle "EXT 2007"]
[Source "ChessBase"]
[SourceDate "2006.11.23"]
[SourceVersion "1"]
[SourceVersionDate "2006.11.23"]
[SourceQuality "1"]

1. e4 e6 2. d4 d5 3. e5 c5 4. c3 Nc6 5. Nf3 Qb6 6. Be2 Nh6 7. Bxh6 Qxb2 8. Qb3 Qxa1 9. 0-0 gxh6 10. Nbd2 c4 11. Qc2 Qxf1+ 12. Nxf1 Be7 13. Ng3 Bd7 14. Nh5 0-0-0 15. Nf6 Bxf6 16. exf6 Rde8 17. Ne5 Nxe5 18. dxe5 Reg8 19. f4 b5 20. Bh5 Rf8 21. Qf2 Kb7 22. Qc5 1/2-1/2

[Event "Hessen-ch Seniors op 02nd"]
[Site "Bad Sooden-Allendorf"]
[Date "2006.04.25"]
[Round "1"]
[White "Didzuhn, Werner"]
[Black "Wauer, Klaus"]
[Result "1/2-1/2"]
[WhiteElo "1714"]
[BlackElo "1444"]
[PlyCount "44"]
[EventDate "2006.04.25"]
[EventType "swiss"]
[EventRounds "9"]
[EventCountry "GER"]
[SourceTitle "EXT 2007"]
[Source "ChessBase"]
[SourceDate "2006.11.23"]
[SourceVersion "1"]
[SourceVersionDate "2006.11.23"]
[SourceQuality "1"]

1. e4 c5 2. Nf3 e6 3. d3 Nc6 4. g3 d6 5. Bg2 Nf6 6. Nbd2 Be7 7. 0-0 0-0 8. c3 e5 9. h3 b6 10. Nc4 Be6 11. Qc2 b5 12. Ne3 c4 13. d4 exd4 14. Nxd4 Nxd4 15. cxd4 Rb8 16. a4 Qb6 17. Rd1 a6 18. Qe2 Rfe8 19. d5 Bd7 20. Bd2 Ra8 21. Bb4 Bf8 22. Nc2 Qb7 1/2-1/2

[Event "Hessen-ch Seniors op 01st"]
[Site "Bad Sooden-Allendorf"]
[Date "2005.04.22"]
[Round "1"]
[White "Papenkordt, Karl Hermann"]
[Black "Wauer, Klaus"]
[Result "1-0"]
[WhiteElo "1682"]
[BlackElo "1368"]
[PlyCount "129"]
[EventDate "2005.04.22"]
[EventType "swiss"]
[EventRounds "9"]
[EventCountry "GER"]
[SourceTitle "EXT 2007"]
[Source "ChessBase"]
[SourceDate "2006.11.23"]
[SourceVersion "1"]
[SourceVersionDate "2006.11.23"]
[SourceQuality "1"]

1. c4 e6 2. d3 d5 3. Nd2 Nf6 4. Ngf3 c5 5. g3 Nc6 6. Bg2 Be7 7. 0-0 0-0 8. cxd5 exd5 9. Nb3 b6 10. Bf4 Bd6 11. Qd2 Qc7 12. Bxd6 Qxd6 13. Nh4 Rb8 14. Rfd1 Ne7 15. f4 d4 16. e4 dxe3 17. Qxe3 Re8 18. Qc1 Qc7 19. d4 Bg4 20. Nf3 c4 21. Nbd2 Rbc8 22. h3 Bxf3 23. Nxf3 Nf5 24. Kh2 Ne4 25. g4 Nfd6 26. Ne5 f6 27. Qe3 fxe5 28. fxe5 Nf6 29. Qf4 Nxg4+ 30. hxg4 Nf7 31. Bd5 Rcd8 32. Qf3 Re7 33. Rf1 Rf8 34. Kg2 Qd8 35. Rad1 b5 36. a4 a6 37. axb5 axb5 38. Rd2 Qe8 39. Bc6 Qc8 40. Rdf2 Re6 41. Bxb5 Rb6 42. Ba4 Ra6 43. Bc2 Ra8 44. Bf5 Qd8 45. Be6 Qxd4 46. Bxf7+ Kh8 47. e6 Ra7 48. Rd1 Qe5 49. Qd5 Qc7 50. Rc1 Rd8 51. Qxc4 Qb7+ 52. Qc6 Qe7 53. Qc5 Qb7+ 54. Kg1 Qb8 55. Bh5 g6 56. e7 Re8 57. Rf8+ Kg7 58. Rxe8 Qg3+ 59. Kf1 Qf4+ 60. Ke2 Qe4+ 61. Kf2 Qf4+ 62. Kg2 Qe4+ 63. Kg3 Qd3+ 64. Kh4 g5+ 65. Qxg5+ 1-0